000 00285nam a22001217a 4500
008 171219b xxu||||| |||| 00| 0 eng d
041 _aeng
080 _a34
100 _a14
101 _aJUR
245 _aTHE CONSTITUTION OF THE UNITED STATES OF AMERICA
_cPREISS,B
942 _2udc
_cBK
999 _c39134
_d39134